First 15 Elements and Abbreviations of the Periodic Table - Statistics

General Stats
  • This quiz has been taken 24 times
  • The average score is 17 of 30
Answer Stats
Number Answer % Correct
2 Helium
92%
1 Hydrogen
92%
3 Lithium
85%
4 Beryllium
77%
5 Boron
77%
6 Carbon
77%
7 Nitrogen
77%
8 Oxygen
77%
9 Fluorine
69%
12 Magnesium
62%
10 Neon
62%
11 Sodium
62%
13 Aluminium
54%
A1 H
54%
A2 He
54%
A3 Li
54%
14 Silicon
54%
A5 B
46%
A4 Be
46%
A6 C
46%
A7 N
46%
A8 O
46%
15 Phosphorus
46%
A13 Al
38%
A9 F
38%
A12 Mg
38%
A11 Na
38%
A10 Ne
38%
A15 P
38%
A14 Si
38%
No matching quizzes found
Score Distribution
Percent of People with Each Score
Percentile by Number Answered
Your Score History
You have not taken this quiz